Glosario de términos de uso frecuente en el sector pesquero

Bewaard in:
Bibliografische gegevens
Hoofdauteur: Elissetche, Jacqueline (Auteur)
Formaat: Boek
Taal:Spaans
Gepubliceerd in: Santiago Servicio Nacional de Pesca 2008
Editie:3a. ed
Onderwerpen:
Tags: Voeg label toe
Geen labels, Wees de eerste die dit record labelt!

MARC

LEADER 00000nam a2200000 a 4500
001 UCI5373
003 CL-VaPUC
008 080328e20080000CL |||||||||||||||||spa|d
082 0 4 |a 639.203  |b ELI  |2 21 
100 0 |a Elissetche, Jacqueline  |e author  |9 527696 
245 1 0 |a Glosario de términos de uso frecuente en el sector pesquero 
250 |a 3a. ed 
300 |a 576 p 
942 |c BK 
945 |d 20080328 00:00:00  |a rbrito 
260 |a Santiago  |b Servicio Nacional de Pesca  |c 2008 
650 7 |a RECURSOS PESQUEROS DICCIONARIOS  |2 CL-VaPUC  |9 527697 
650 7 |a RECURSOS MARINOS DICCIONARIOS  |2 CL-VaPUC  |9 527698 
650 7 |a PESCA DICCIONARIOS  |2 CL-VaPUC  |9 262036 
583 |a last modification  |c 20080328 00:00:00  |k Rodrigo Vera 
999 |c 329124  |d 329122 
952 |0 0  |1 0  |2 ddc  |4 0  |6 639_203000000000000_ELI_2008  |7 0  |8 A  |9 413453  |a BIBCUR  |b BIBCUR  |d 2019-11-22  |i 4418239  |o 639.203 ELI 2008  |p 4418239  |r 2025-04-22  |w 2019-11-22  |y BK  |k BCB 
952 |0 0  |1 0  |4 0  |6 639_203000000000000_ELI_2008  |7 0  |8 F  |9 413454  |a BIBAGR  |b BIBAGR  |d 2019-11-22  |i 4418247  |o 639.203 ELI 2008  |p 4418247  |r 2025-01-20  |w 2019-11-22  |y BK_F  |k AGR 
952 |0 0  |1 0  |4 0  |6 639_203000000000000_ELI_2008  |7 0  |8 F  |9 413455  |a BIBING  |b BIBING  |d 2019-11-22  |i 4418255  |o 639.203 ELI 2008  |p 4418255  |r 2025-01-20  |w 2019-11-22  |y BK_F  |k ING